header

Between man and God (Record no. 9401)

MARC details
000 -LEADER
fixed length control field 01339nam a22003374a 4500
001 - CONTROL NUMBER
control field ebr10020850
003 - CONTROL NUMBER IDENTIFIER
control field CaPaEBR
006 - FIXED-LENGTH DATA ELEMENTS--ADDITIONAL MATERIAL CHARACTERISTICS--GENERAL INFORMATION
fixed length control field m u
007 - PHYSICAL DESCRIPTION FIXED FIELD--GENERAL INFORMATION
fixed length control field cr cn|||||||||
008 - FIXED-LENGTH DATA ELEMENTS--GENERAL INFORMATION
fixed length control field 001211s2001 ctu sb 001 0 eng
010 ## - LIBRARY OF CONGRESS CONTROL NUMBER
Canceled/invalid LC control number 00069127
020 ## - INTERNATIONAL STANDARD BOOK NUMBER
Cancelled/invalid ISBN 0313319049 (alk. paper)
040 ## - CATALOGING SOURCE
Original cataloging agency CaPaEBR
Transcribing agency CaPaEBR
035 ## - SYSTEM CONTROL NUMBER
System control number (OCoLC)614699508
050 14 - LIBRARY OF CONGRESS CALL NUMBER
Classification number BM610
Item number .S485 2001eb
082 04 - DEWEY DECIMAL CLASSIFICATION NUMBER
Classification number 296.3/11
Edition number 21
100 1# - MAIN ENTRY--PERSONAL NAME
Personal name Sicker, Martin.
245 10 - TITLE STATEMENT
Title Between man and God
Medium [electronic resource] :
Remainder of title issues in Judaic thought /
Statement of responsibility, etc Martin Sicker.
260 ## - PUBLICATION, DISTRIBUTION, ETC. (IMPRINT)
Place of publication, distribution, etc Westport, CT :
Name of publisher, distributor, etc Greenwood Press,
Date of publication, distribution, etc 2001.
300 ## - PHYSICAL DESCRIPTION
Extent xii, 260 p.
490 1# - SERIES STATEMENT
Series statement Contributions to the study of religion,
International Standard Serial Number 0196-7053 ;
Volume number/sequential designation no. 66
504 ## - BIBLIOGRAPHY, ETC. NOTE
Bibliography, etc Includes bibliographical references (p. [239]-254) and index.
533 ## - REPRODUCTION NOTE
Type of reproduction Electronic reproduction.
Place of reproduction Palo Alto, Calif. :
Agency responsible for reproduction ebrary,
Date of reproduction 2013.
Note about reproduction Available via World Wide Web.
-- Access may be limited to ebrary affiliated libraries.
650 #0 - SUBJECT ADDED ENTRY--TOPICAL TERM
Topical term or geographic name as entry element God (Judaism)
Topical term or geographic name as entry element Theological anthropology
General subdivision Judaism.
Topical term or geographic name as entry element Judaism
General subdivision Doctrines.
655 #7 - INDEX TERM--GENRE/FORM
Genre/form data or focus term Electronic books.
Source of term local
710 2# - ADDED ENTRY--CORPORATE NAME
Corporate name or jurisdiction name as entry element ebrary, Inc.
830 #0 - SERIES ADDED ENTRY--UNIFORM TITLE
Uniform title Contributions to the study of religion ;
Volume number/sequential designation no. 66.
856 40 - ELECTRONIC LOCATION AND ACCESS
Uniform Resource Identifier <a href="http://site.ebrary.com/lib/rucke/Doc?id=10020850">http://site.ebrary.com/lib/rucke/Doc?id=10020850</a>
Public note An electronic book accessible through the World Wide Web; click to view

No items available.

© 2026 Rongo University
Contact us: librarian | system librarian | Rongo university